000 00581nam a2200229Ia 4500
008 210210b1919 xxu||||| |||| 00| 0 eng d
041 _aeng
082 _a954/720
100 _aRANGACHARYA (V)
245 _aTopographical list of the inscriptions of the Madras presidency Vol II
260 _aMadras
_bSuperintendent Government Printing
_c1919
300 _a1442
650 _aVol
650 _aTopographical
650 _apresidency
650 _aMadras
650 _alist
650 _ainscriptions
650 _aII
690 _aIndian History
906 _a002220
999 _c121159
_d121159